| 000 | 01560nam a22002897a 4500 | ||
|---|---|---|---|
| 005 | 20111219160041.0 | ||
| 010 | _aB-482095-099 | ||
| 020 |
_a8181467833 _c95.00 |
||
| 020 |
_a9788181467836 _c95.00 |
||
| 035 | _aB-482095-099 | ||
| 037 | _bBlue Berry/Ven | ||
| 082 | _aS | ||
| 100 |
_aSowmya Rajendran _953696 |
||
| 245 |
_aPower city / _cby Sowmya Rajendran; pictures by Renuka Rajiv |
||
| 260 |
_aChennai _bTulika Publishers _c2010 |
||
| 270 |
_a13, Prithvi Avenue, Abhiramaouram _bChennai _e600 018 |
||
| 300 |
_aunpaged _bill. _c23cm(pbk) |
||
| 650 |
_aStories _9938 |
||
| 700 |
_a Renuka Rajiv _937147 |
||
| 942 |
_2ddc _cCH _mSOW _hS |
||
| 999 |
_c59644 _d59644 |
||